| 000 | 00850pam a2200277 a 4500 | ||
|---|---|---|---|
| 999 |
_c3879 _d3879 |
||
| 001 | 4749935 | ||
| 003 | GZU | ||
| 005 | 20210310111058.0 | ||
| 008 | 850207t19851977enka b 001 0 eng | ||
| 010 | _a 85004262 | ||
| 020 | _a0582550874 (pbk.) | ||
| 020 | _z0582553792 | ||
| 040 |
_aDLC _cDLC _dDLC |
||
| 050 | 0 | 0 |
_aP302 _b.COU 1985 |
| 082 | 0 | 0 |
_a401/.41 _219 |
| 100 | 1 | _aCoulthard, Malcolm. | |
| 245 | 1 | 3 |
_aAn introduction to discourse analysis / _cMalcolm Coulthard. |
| 260 |
_aBurnt Mill, Harlow, Essex, England : _bLongman, _c c1977. |
||
| 300 |
_axv, 195 p. : _bill. ; _c22 cm. |
||
| 440 | 0 | _aApplied linguistics and language study | |
| 500 | _aIncludes index. | ||
| 504 | _aBibliography: p. [183]-190. | ||
| 650 | 0 | _aDiscourse analysis. | |
| 906 |
_a7 _bcbc _corignew _d1 _eocip _f19 _gy-gencatlg |
||
| 942 |
_2lcc _cBK _e2nd ed. _h302 _iCOU _kP |
||